| 000 | 01315nam a22002897a 4500 | ||
|---|---|---|---|
| 005 | 20080404154424.0 | ||
| 008 | 080811t xxu||||| |||| 00| 0 eng d | ||
| 010 | _aENG-90695 | ||
| 020 |
_a0195697308 _c895.00 |
||
| 035 | _aEN-74228 | ||
| 037 | _bDBAD / PUB | ||
| 040 | _aDPL | ||
| 082 | _a338.90091724 | ||
| 245 |
_aTransforming the rural nonfarm economy : _bopportunities and threats in the developing world / _cedited by Steven Haggblade, Peter B.R. Hazell, and Thomas Reardon. |
||
| 260 |
_aNew Delhi _bOxford University Press, _c2007. |
||
| 300 |
_axxii, 490 p. : _bill. _c24 cm.(Hb) |
||
| 500 | _aIncludes bibliographical references and index. | ||
| 650 |
_aAgricultural industries _zDeveloping countries. |
||
| 650 |
_aAgriculture _xEconomic aspects _zDeveloping countries. |
||
| 651 |
_aDeveloping countries _xRural conditions. |
||
| 700 | _aHaggblade, Steven. | ||
| 700 | _aHazell, P. B. R. | ||
| 700 | _aReardon, Thomas Anthony. | ||
| 942 |
_2ddc _cEN _h338.90091724 _mTRA |
||
| 999 |
_c14783 _d14783 |
||